| 000 | 00704nam a22002057a 4500 | ||
|---|---|---|---|
| 005 | 2012071901121.0 | ||
| 010 | _aG-002039 | ||
| 020 |
_a9780070597716 _c195.00 |
||
| 035 | _aG-002039 | ||
| 037 |
_adpl _bGift |
||
| 082 | _a332.632 | ||
| 100 |
_aParikhi, Parag. _950565 |
||
| 245 |
_aStocks to riches; _bInsights on Investor Behaviour/ _cby Parag Parikh |
||
| 260 |
_aNew delhi _bTata McGrraw-Hill _c2006 |
||
| 270 |
_a7 West Patel Nagar, _bNew Delhi |
||
| 300 |
_a112p _c22cm |
||
| 942 |
_2ddc _cEN _mPAR _h332.632 |
||
| 999 |
_c68477 _d68477 |
||